The Coordination of Domestic Public Debt and Monetary Management in Economies in Transition : Issues and Lessons From Experience.

In economies in transition, the development of financial markets is a common objective linking the monetary and fiscal authorities, while monetary and public debt management cannot be strictly separated. This calls for close coordination of objectives and instruments of monetary and debt management,...

Mô tả đầy đủ

Chi tiết về thư mục
Tác giả của công ty: International Monetary Fund
Định dạng: Tạp chí
Ngôn ngữ:English
Được phát hành: Washington, D.C. : International Monetary Fund, 1994.
Loạt:IMF Working Papers; Working Paper ; No. 1994/148
Truy cập trực tuyến:Full text available on IMF
LEADER 01529cas a2200241 a 4500
001 AALejournalIMF007133
008 230101c9999 xx r poo 0 0eng d
020 |c 5.00 USD 
020 |z 9781451856774 
022 |a 1018-5941 
040 |a BD-DhAAL  |c BD-DhAAL 
110 2 |a International Monetary Fund. 
245 1 4 |a The Coordination of Domestic Public Debt and Monetary Management in Economies in Transition :   |b Issues and Lessons From Experience. 
264 1 |a Washington, D.C. :  |b International Monetary Fund,  |c 1994. 
300 |a 1 online resource (60 pages) 
490 1 |a IMF Working Papers 
500 |a <strong>Off-Campus Access:</strong> No User ID or Password Required 
500 |a <strong>On-Campus Access:</strong> No User ID or Password Required 
506 |a Electronic access restricted to authorized BRAC University faculty, staff and students 
520 3 |a In economies in transition, the development of financial markets is a common objective linking the monetary and fiscal authorities, while monetary and public debt management cannot be strictly separated. This calls for close coordination of objectives and instruments of monetary and debt management, and the development of supporting institutional and operational arrangements. Key aspects of these arrangements are surveyed. 
538 |a Mode of access: Internet 
830 0 |a IMF Working Papers; Working Paper ;  |v No. 1994/148 
856 4 0 |z Full text available on IMF  |u http://elibrary.imf.org/view/journals/001/1994/148/001.1994.issue-148-en.xml  |z IMF e-Library